| 000 | 00714nam a2200253Ia 4500 | ||
|---|---|---|---|
| 003 | OSt | ||
| 005 | 20220918200418.0 | ||
| 006 | a|||||r|||| 00| 0 | ||
| 007 | ta | ||
| 008 | 220917b |||||||| |||| 00| 0 eng d | ||
| 024 | _a88,629 | ||
| 037 | _cTextual | ||
| 040 |
_aARTS _cARTS _beng |
||
| 041 |
_2eng _aeng |
||
| 082 | _aU2.2.C, M0 | ||
| 100 | _achattopadhyaya Sudhakar | ||
| 245 | 0 | _aPeriplus of the Erythraean Sea and poolemy on ancient geography of India | |
| 260 |
_aCalcutta _bPrajna _c1980 |
||
| 300 |
_a161p. maps _ccm. |
||
| 500 | _aApp 125-53p (I-II) | ||
| 650 | _aPHYSICAL GEOGRAPHY | ||
| 942 |
_hU2.2.C, M0 _cTEXL _2CC |
||
| 999 |
_c212299 _d212299 |
||